Quizzes
Events
Quiz Creation
Community
Videos
Private Events
Remove Ads
Sign In
Join for FREE
Feedback
Dark Mode
Quiz Categories
Sports
Geography
Music
Movies
Television
Just For Fun
Miscellaneous
History
Literature
Language
Science
Gaming
Entertainment
Religion
Holiday
For Kids
Quiz Lab
Recent
Popular Today
Quiz Kudos Today
Editor Picks
Curator Picks
Quizzes by...
Day
Popularity
Type
Ratings
Length
Year
Community
Subscriptions
Recent Discussions
Orange Saloon
Badges
Playlists
Quests
Create
Leaderboards
Showdown
Live 5
Trivia Bingo
Activity
Puzzle Library
Sporcle Events
Private Events
Virtual Trivia
Globe League
Become a Host
Pub Owners
SporcleCon
Opinionation
Our Games
Videos
Blog
Mobile Apps
Partnerships
Remove Ads and Go Orange
Feedback
Gaming
Video Games
Board Games
Card Games
Pokémon
Mario
Nintendo
Minecraft
Console
Toys
Legend of Zelda
Gaming
Video Games
Board Games
Card Games
Pokémon
Mario
Nintendo
Minecraft
Console
Toys
Legend of Zelda
Random Quiz
Search Sporcle
×
Quiz Lab
Quiz Lab
Gaming
Slideshow
Type answers based on single images at one time
Type answers based on single images at one time
Slideshow
Best Score? Go Orange.
Team Fortress 2 Maps (Slideshow) Stats
Can you name the maps in Team Fortress 2 based on these images?
By
XYoshiaipomX
8m
49 Questions
275 Plays
275 Plays
275 Plays
Comments
Comments
Give Quiz Kudos
Give Quiz Kudos
-
- Ratings
hide this ad
Replay
Link that replays current quiz
Next Quiz
Link to next quiz in quiz playlist
You Got
0%
They Got
Avg Score
43%
Avg Friend Score
Upgrade to see
Score Distribution
Jump to the score distribution portion of the page
Score
0/49
Timer
08:00
0
Plays Today
% Correct
2Fort
96.4%
Dustbowl
79.6%
Sawmill
73.5%
Upward
69.5%
Nucleus
69.1%
Well
68%
Hightower
65.8%
Egypt
65.5%
Gorge
61.5%
Turbine
61.5%
Goldrush
61.1%
Badwater Basin
60.7%
Harvest
60.4%
Gravelpit
59.3%
Badlands
59.3%
Granary
52%
Thunder Mountain
51.3%
Viaduct
51.3%
Degroot Keep
50.5%
DoubleCross
48.4%
Hydro
47.3%
Doomsday
46.5%
Lakeside
45.5%
Hoodoo
44.7%
Pipeline
43.3%
% Correct
Coldfront
40.7%
BarnBlitz
40.7%
Frontier
40%
Foundry
39.3%
Steel
37.8%
Mann Manor
32%
Junction
31.3%
Eyeaduct
29.8%
Lumberyard
29.1%
Watchtower
29.1%
5Gorge
28.4%
Nightfall
28%
Process
28%
Snakewater
25.8%
Gullywash
24.7%
Freight
22.9%
Offblast
20.7%
Ghost Fort
19.6%
Yukon
19.3%
Standin
18.9%
Fastlane
18.5%
Ravine
15.6%
Kong King
8.7%
Helltower
8.4%
Quiz Playlist
Details
Report
Send in Message
Add To Playlist
Slideshow:
Type answers based on single images at one time
Last Updated: Feb 16, 2017
Quiz Scoreboard
CHALLENGE
Sign Up to Join the Scoreboard
Show All
Scores
Hide
Comments
May contain spoilers
Recently Published
9x9 Crossword: Cartoon Network
by jackfrog10
Miscellaneous
3m
College Basketball Coaching Resumes
by pancakes188
Sports
9m
Billboard Blitz: Fleetwood Mac
by CooCooCachoo
Music
15s
More to Explore
Quiz From the Vault
Featured Blog Post
Where Did the Easter Bunny Come From?
hide this ad
You Might Also Like...
Tags
map
Slideshow
Team Fortress
Team Fortress 2
Today's Top Quizzes in Gaming
Browse Gaming
hide this ad
Today's Top Quizzes in Slideshow
Browse Slideshow
Top Contributed Quizzes in Gaming
1
5-to-1: Consoles
2
7-to-1: Board Game Piece Blitz
3
5-to-1: Legend of Zelda
4
League of Legends Pro Players by Career/Team History
5
Destiny 2 exotic weapons by perk icons
6
Ultimate Genshin Impact Logic Puzzle (up to 4.3)
7
Franchise by Action Figure
8
Who's on the WWE 2K24 Cover?
9
Genshin Impact Logic Puzzle Quiz
10
Overwatch Logic Puzzle
Explore More
Trending Topics
Kpop
Marvel
Harry Potter
Anime
Crossword
NBA
Disney
Soccer
Song
Pokémon
Country
NFL
WWE
Puzzle
The Office
hide this ad
More By:
XYoshiaipomX
Quiz
Plays
Rating
Category
Featured
Created
Name the Hearthstone Cards by Quote
15,149
4.36
Gaming
Dec 10, 2013
Europa Universalis IV Nations By Flag
5,717
5.00
Gaming
Feb 22, 2015
Terraria Grab Bag
2,301
2.38
Gaming
Jul 23, 2011
All Hearthstone Class Cards
1,956
5.00
Gaming
Jan 5, 2014
Europa Universalis IV Countries: Europe
1,885
4.40
Gaming
Jun 1, 2016
Go to Creator's Profile
Score Distribution
Quiz Creator Spotlight
XYoshiaipomX
Follow
Send a Message
Quizzes Created
-
Created Quiz Play Count
-
More By This Creator
Popular Quizzes Today
1
Find the US States - No Outlines Minefield
2
Find the Countries of Europe - No Outlines Minefield
3
The Countries of the World
4
Find the US States
5
Risky Map Clicking: Biggest States A-Z
6
US States
7
Popular People in 1961
8
Movies - When Are They Set?
More Gaming Quizzes
Acrostic Elden Ring
Editor's Pick
Trending Quizzes
Risky Map Clicking: Least Populous States A-Z
1-10 Letter G Words
1-10 Letter F Words
Risky Map Clicking: Next State Alphabetically
Adjectives in 80s TV Shows
Recently Updated
Leaping Animals
pecheneg
Reality TV Shows (A-Z)
bhenderson79
Rickey Henderson's Hall of Fame Teammates
pecheneg
Champions League XIs: Arsenal
pecheneg
Quick Pick: Celebrities in WWE's Hall of Fame
aduchscher
A-Z Keypad Blitz II
pecheneg
Multiple Oscar Actors
pecheneg
Mystery Phrase Blitz: Oscar 'Best Actors'
pecheneg
F. Scott Fitzgerald Novels
LTH
Pick 3 Villains
ddd62291
Trending Topics
Marvel
Anime
Disney
Kpop
Harry Potter
NBA
Crossword
Country
NFL
WWE
The Office
Puzzle
Pokémon
Soccer
Song
Your Account Isn't Verified!
In order to create a playlist on Sporcle, you need to verify the email address you used during registration. Go to your
Sporcle Settings
to finish the process.
Report this User
Report this user for behavior that violates our
Community Guidelines
.
Details:
Send Report
Go to the Sporcle.com Mobile Site →
Comments